Statistics for Largest Country Subdivisions in the World

Click here to take the quiz!

General Stats

  • This quiz has been taken 25 times
  • The average score is 42 of 125

Answer Stats

CountryIndiaAnswer% Correct
United StatesCalifornia
77%
United StatesTexas
77%
United StatesNew York
73%
CanadaOntario
68%
ChinaBeijing
64%
India | PakistanPunjab
64%
ChinaShanghai
64%
IndiaUttar Pradesh
64%
GermanyBavaria
59%
BangledeshDhaka
59%
United KingdomEngland
59%
United StatesFlorida
59%
ChinaHainan
59%
South KoreaSeoul
59%
VietnamHo Chi Minh
55%
IndiaKerala
55%
JapanTokyo
55%
ChinaGuangdong
50%
IndiaGujarat
50%
United StatesIllinois
50%
NigeriaLagos
50%
PeruLima
50%
MexicoMexico
50%
JapanOsaka
50%
BrazilRio de Janeiro
50%
BrazilSao Paulo
50%
IndiaTamil Nadu
50%
ChinaTianjin
50%
BangledeshChittagong
45%
IndiaDelhi
45%
ChinaHunan
45%
TurkeyIstanbul
45%
PhilippinesManila
45%
United StatesOhio
45%
ChinaSichuan
45%
GermanyBaden-Wurttemberg
41%
IraqBaghdad
41%
ColombiaBogota
41%
EgyptCairo
41%
ChinaChongqin
41%
United StatesGeorgia
41%
ChinaHenan
41%
ChinaInner mongolia
41%
IndonesiaJakarta
41%
DR. CongoKinshasa
41%
GermanyLower Saxony
41%
InidaMaharashtra
41%
United StatesMichigan
41%
RussiaMoscow
41%
United StatesNew Jersey
41%
GermanyNorth Rhine-Westphalia
41%
United StatesPennsylvania
41%
IndiaWest Bengal
41%
SpainAndalusia
36%
IndiaAssam
36%
ChinaHebei
36%
ChinaHubei
36%
South AfricaKwaZulu-Natal
36%
United StatesNorth Carolina
36%
IranTehran
36%
United StatesVirginia
36%
ChinaXinjiang
36%
IndiaAndhra Pradesh
32%
ChinaFujian
32%
South AfricaGauteng
32%
ChinaHeilongjiang
32%
FranceIle de France
32%
IndiaJammu and Kashmir
32%
ChinaJiangsu
32%
IndiaKarnataka
32%
ItalyLombardy
32%
IndiaMadhya Pradesh
32%
InidaRajasthan
32%
ChinaShaanxi
32%
ChinaShanxi
32%
BrazilBahia
27%
PakistanBalochistan
27%
IndiaBihar
27%
NepalCentral
27%
IndonesiaEast Java
27%
ChinaGuangxi
27%
IndiaHaryana
27%
IndiaOdisha
27%
PakistanSindh
27%
IndiaTelangana
27%
IndonesiaWest Java
27%
IndonesiaCentral Java
23%
IndiaJharkhand
23%
ChinaJiangxi
23%
NigeriaKano
23%
ChinaYunnan
23%
ChinaAnhui
18%
ChinaJilin
18%
ChinaLiaoning
18%
BrazilMinas Gerais
18%
BrazilPernambuco
18%
BrazilRio Grande do Sul
18%
ChinaShangdong
18%
IndiaChhattisgarh
14%
ChinaGansu
14%
ChinaGuizhou
14%
IndonesiaNorth Sumatra
14%
EthiopiaOromia
14%
BrazilPara
14%
BrazilParana
14%
IndiaUttarakhand
14%
ChinaZhejiang
14%
IndonesiaBanten
5%
BrazilCeara
5%
South KoreaGyeonggi
5%
JapanKanagawa
5%
PakistanKhyber Pakhtunkhwa
5%
BangledeshRajshahi
5%
KenyaRift
5%
EthiopiaSNNPR
5%
IndonesiaSouth Sulawesi
5%
MexicoState of Mexico
5%
BangledeshSylhet
5%
EthiopiaAmhara
0%
D.R CongoBandundu
0%
BangledeshBhulna
0%
D.R CongoOrientale
0%
BangledeshRangpur
0%
ArgentinaRuenos Aires
0%

Score Distribution

Percentile by Number Answered

Percent of People with Each Score

Your Score History

You have not taken this quiz